El mundo ruso. La formación de Europa.
Saved in:
| 主要作者: | |
|---|---|
| 其他作者: | |
| 格式: | 圖書 |
| 語言: | 西班牙语 |
| 出版: |
Buenos Aires, Argentina:
Emecé Editores,
1951.
|
| 叢編: | Grandes Ensayistas.
|
| 主題: | |
| 標簽: |
添加標簽
沒有標簽, 成為第一個標記此記錄!
|
MARC
| LEADER | 00000nam a2200000 a 4500 | ||
|---|---|---|---|
| 001 | UCO1710 | ||
| 003 | CL-VaPUC | ||
| 005 | 20220822114344.0 | ||
| 008 | 000519e19510000AG |||||||||||||||||spa|d | ||
| 999 | |c 288314 |d 288312 | ||
| 040 | |c Pontificia Universidad Católica de Valparaíso | ||
| 082 | 0 | 4 | |a 947 REY 1951 |2 21 |
| 100 | 0 | |a Reynold, Gonzague de |e autor |9 444173 | |
| 245 | 1 | 3 | |a El mundo ruso. |b La formación de Europa. |
| 260 | |a Buenos Aires, Argentina: |b Emecé Editores, |c 1951. | ||
| 300 | |a 454 páginas. | ||
| 490 | 0 | |a Grandes Ensayistas. | |
| 500 | |a c.2 Donación Familia Prof. Alejandro Guzmán Brito. | ||
| 583 | |a last modification |c 20000519 00:00:00 |k Rodrigo Vera | ||
| 650 | 0 | |a Historia de Rusia |9 343091 | |
| 650 | 0 | |a Revolución rusa |9 343225 | |
| 700 | |a Ruiz Guiñazú, Alejandro |e traducción |9 865595 | ||
| 942 | |c BK |2 ddc |n 0 | ||
| 945 | |d 20000519 00:00:00 |a rherrera | ||
| 952 | |0 0 |1 0 |4 0 |6 947_000000000000000_REY_1951 |7 0 |8 A |9 335903 |a BIBHIS |b BIBHIS |d 2019-11-20 |i 1282778 |o 947 REY 1951 |p 1282778 |r 2025-01-20 |w 2019-11-20 |y BK |k HIS | ||